Tratado de Derecho Civil T. IV - B (Registro nro. 22218)
[ vista simple ]
| 000 -Cabecera | |
|---|---|
| Campo de control interno | 00458nam a22001817a 4500 |
| 005 - Fecha y hora del registro | |
| control field | 20260410121358.0 |
| 008 - Elementos de Longitud Fija | |
| fixed length control field | 260410b |||||||| |||| 00| 0 spa d |
| 041 ## - Idioma | |
| Codigo Idioma | ESP |
| 082 ## - DEWEY y NOTACIÓN INTERNA | |
| Dewey | 346.5 |
| Notación Interna | LL719 T. 4 - B |
| 100 ## - AUTOR | |
| Autor denominación | Llambías, Jorge Joaquin |
| Término de relación | autor |
| 245 ## - TÍTULO DE MATERIAL BIBLIOGRÁFICO | |
| Título | Tratado de Derecho Civil T. IV - B |
| 260 ## - CIUDAD, EDITORIAL, AÑO | |
| Ciudad | : |
| Nombre de la Editorial | , |
| Año | 2012 |
| 300 ## - DESCRIPCIÓN | |
| N° Páginas | 495 páginas : |
| Otros detalles | ; |
| Dimensiones | 25 cm. |
| 440 ## - MENCIÓN DE SERIE | |
| Título de la Serie | ; |
| 700 ## - OTROS AUTORES | |
| Otros autores | ; |
| 942 ## - ELEMENTOS DE KOHA | |
| Tipo de documento | Libro |
| Nombre del creador | Justo Noguera |
| Código de catalogador | Justo Noguera |
| Suppress in OPAC | No |
| Esquema de clasificación | Dewey Decimal Classification |
| Codigo completo | Registro | Colección | Copia número | Disponibilidad | Tipo de préstamo | Biblioteca Actual | Procedencia (Biblioteca) | Ubicacón | Fecha Ingreso | Tipo de Adquisición | Date last seen | Total checkouts | Price effective from | Tipo de Item | Estado del Material | Fuente de Clasificación | Damaged status | Withdrawn status |
|---|---|---|---|---|---|---|---|---|---|---|---|---|---|---|---|---|---|---|
| 346.5 LL719 T. 4 - B | 1027542 | Universidad Católica San Pablo | 1 | Disponible | Disponible | Víctor Andrés Belaunde | Víctor Andrés Belaunde | Primer piso | 10/04/2026 | Compra | 10/04/2026 | 10/04/2026 | Libro | Bueno | Dewey Decimal Classification |




